S cudzími jazykmi v Európe žiť - pracovať - študovať : Zborník z medzinárodnej konferencie Katedry jazykov Technickej univerzity v Košiciach, 22.-23. júna 2006
Enregistré dans:
| Format: | Livre |
|---|---|
| Langue: | multilingue |
| Publié: |
Košice :
Technická univerzita v Košiciach,
2006
|
| Sujets: | |
| Tags: |
Pas de tags, Soyez le premier à ajouter un tag!
|
MARC
| LEADER | 00000nam a22000003a 4500 | ||
|---|---|---|---|
| 001 | stu142740 | ||
| 005 | 20150408163152.1 | ||
| 008 | 070627s2006----xo------------------mul-d | ||
| 020 | |a 80-8073-672-3 | ||
| 040 | |a STU |b slo | ||
| 041 | 0 | |a mul | |
| 044 | |a xo | ||
| 080 | |a 37 | ||
| 080 | |a (063) | ||
| 245 | |a S cudzími jazykmi v Európe žiť - pracovať - študovať : |b Zborník z medzinárodnej konferencie Katedry jazykov Technickej univerzity v Košiciach, 22.-23. júna 2006 | ||
| 260 | |a Košice : |b Technická univerzita v Košiciach, |c 2006 | ||
| 300 | |a 1 CD-ROM | ||
| 650 | 7 | |a výučba jazyková |2 stusub | |
| 996 | |b 284M081930 |c M*CD-1075 |l MMKN |s A |a 24 |w stu142740_0001 | ||
| 996 | |b 284M076375 |c M*CD-1076 |l MMKN |s A |a 24 |w stu142740_0002 | ||
| 996 | |b 284M076373 |c M*CD-1074 |l MMKN |s A |a 24 |w stu142740_0003 | ||